000 00666nam a2200241 a 4500
001 BS0002069
003 BR-BrBNA
005 20230418191924.0
008 230308b |||||||| |||| 00| 0 por d
040 _aBR-BrBNA
_bpor
_cBiblioteca Nacional de Agricultura
041 _apor
072 _aD50
090 _aD50 BS0002069
100 1 _aRoza, C.
245 1 _aProcesso Administrativo Disciplinar Comissões Sob Encomenda /
260 3 _aCuritiba, PR:
_bJuruá,
_c2008.
300 _a149 p.
650 _aDIREITO
_93
650 _aPROCESSO ADMINISTRATIVO DISCIPLINAR
650 _aSERVIDOR PÚBLICO
909 _a202304
_bSergio Santos
_c56
_dSergio Santos
942 _cBK
999 _c7118
_d7118